000 00591nam a2200241 a 4500
001 nice12345678
003 IN_TiNIC
005 20260116011617.0
008 050524s1897 kana grp 000 0 urd
020 _a
_c100
082 0 0 _a239
_bMUH
100 _aMuhammad, Abdul Razzaq
245 _aKitab-Ul-Baramika.
260 _aKanpur
_bNo Publisher
_c1897
300 _a430p.
500 _aincludes index and biblioraphy
505 2 _aNames Index and Subject Index
650 _aApologetics
700 1 _aMuhammad, Abdul Razzaq
902 _bRBA
942 _cBK
999 _c2879
_d2879